000 00308nam a2200133Ia 4500
008 240624s9999 xx 000 0 und d
041 _aeng
082 _a823 GRI
100 _aGRISHAM JOHN
245 _aLITIGATORS
260 _c2011
_aNew Delhi
_bHodder & Stoughton
300 _a436 : p.
365 _cRS
_b25
999 _c19206
_d19206